| 000 | 00812nam a22002417a 4500 | ||
|---|---|---|---|
| 003 | DO-SdBNP | ||
| 005 | 20220208132509.0 | ||
| 007 | ta | ||
| 008 | 220208b2015 dr a|||| |||| 00| 0 spa d | ||
| 020 | _a9789945084153 | ||
| 040 |
_aDO-SdBNP _bspa _cBNPHU |
||
| 082 | 4 | _222 | |
| 100 | 1 |
_aRamírez Varela, Pedro Sergio, _d1951- _981181 |
|
| 245 | 1 | 0 |
_aEl diamante perdido / _cPedro Sergio Ramírez Varela ; prólogo Willian Peguero Mota. |
| 260 |
_aSanto Domingo : _b[ s.n.] _c2015. |
||
| 300 |
_a46 p. : _bil. ; _c21 cm. |
||
| 500 | _aIncluye datos biográficos del autor en la contracubierta. | ||
| 590 | _aInventariado, 2022 /LP | ||
| 590 | _aLa biblioteca posee 3 ejemplares autografiado por el autor | ||
| 700 | 1 |
_aPeguero Mota, Willian, _epról. _981182 |
|
| 910 | _aLopérez. | ||
| 942 |
_2ddc _cLBS1 |
||
| 999 |
_c51377 _d51377 |
||